00418nam a22001337a 4500003000600000005001700006008004100023040000800064082002300072100002400095245010200119260004600221300001700267GBCCL20241126110733.0240814b ||||| |||| 00| 0 eng d cgbc aARC GBC-2023 bSUA aSuantak, Paulianlal aAn analytical study on Paul's concept of Parousia with special reference on the delay of Parousia aNew Lamka : bGrace Bible college, c2023 a46p. ;c28cm